Statistics for NFL Top 25 All Time Passing Touchdowns

Click here to take the quiz!

General Stats

  • This quiz has been taken 438 times
    (316 since last reset)
  • The average score is 16 of 25

Answer Stats

TDSAnswer% Correct
581Tom Brady
100%
571Drew Brees
99%
539Peyton Manning
98%
366Eli Manning
97%
508Brett Favre
94%
412Aaron Rodgers
92%
421Philip Rivers
88%
273Joe Montana
84%
420Dan Marino
83%
347Matt Ryan
77%
396Ben Roethlisberger
75%
300John Elway
73%
282Matt Stafford
60%
267Russell Wilson
60%
291Warren Moon
58%
248Tony Romo
56%
342Fran Tarkenton
53%
290Johnny Unitas
52%
294Carson Palmer
48%
251Drew Bledsoe
47%
254Dan Fouts
41%
275Vinny Testaverde
34%
247Boomer Esiason
23%
261Dave Krieg
14%
255Sonny Jurgensen
8%

Score Distribution

Percentile by Number Answered

Percent of People with Each Score

Your Score History

You have not taken this quiz since the last reset